| 000 | 00666nam a2200205 i 4500 | ||
|---|---|---|---|
| 001 | 43918 | ||
| 003 | ES-MaACL | ||
| 005 | 20230906160917.0 | ||
| 007 | t| | ||
| 008 | 030320s1986 sp ||||1| spa d | ||
| 020 | _a84-86093-39-2 | ||
| 100 | 1 |
_aCicerón, Marco Tulio. _938748 |
|
| 245 | 1 | 3 |
_aDe signis _b: antología / _cCicerón ; introducción, selección y comentario de Carmen Cantueso y Pedro J. del Real Francia. |
| 260 |
_aMadrid : _bColoquio, _c1986. |
||
| 300 |
_a87 p. : _bil. ; _c21 cm. |
||
| 500 | _aTexto latino. | ||
| 700 | 1 |
_aCantueso, Carmen. _934699 |
|
| 700 | 1 |
_aReal Francia, Pedro José del. _995682 |
|
| 852 |
_aES-MaACL _jL-11978 _bR.112715 |
||
| 999 |
_c43918 _d43918 |
||